Responses for show #4788 - Wednesday, June 1, 2005

David Rozenson game 2.

Contestants

[<< previous game]

Jaya Lakshminarayanan, a musician from Somerville, Massachusetts

Greg Pokusa, a law student from Alexandria, Virginia

David Rozenson, a lawyer from Newton, Massachusetts (whose 1-day cash winnings total $20,200)

[next game >>]

Jeopardy! Round responses

SCIENCE FACTS
AP's MALE ATHLETE OF THE YEAR BY DECADE
THE IG NOBEL PRIZES
(Alex: ...given at Harvard for making people laugh and think.)
UNREAL ESTATE
MIND YOUR OWN BUSINESS
-OLA
(Alex: Each correct response will end in those three letters.)
    $200 5
fold up (or close)

Greg
    $200 1
the 1960s

David
    $200 3
(Greg: What is the accordion?)
[Alex mistakenly prompts David to choose next clue and acknowledges the error after the next clue is read.]

karaoke

Greg
Triple Stumper
    $200 18
Charlotte

Jaya
    $200 14
Lea & Perrins

Greg
    $200 9
Crayola

Greg
    $400 6
(David: What is the brain?)

the adrenal gland

David
Triple Stumper
    $400 2
the 1980s

Greg
    $400 4
a car alarm

Triple Stumper
    $400 19
The Pilgrim's Progress

David
    $400 15
American Express

Greg
    $400 10
a parabola

Greg
    $600 24
(Greg: What is an anti-inflammatory?)

coagulant

GregJaya
    $600 26
Michael Milken

Triple Stumper
    $2,000 20
(David: Who is Willa Cather?)
(Alex: No, who is [*]. [*]. I guess it wasn't so obvious after all.)

Agatha Christie

David
    $600 16
GM

Greg
    $600 11
rubeola

Jaya
    $800 8
(Jaya: What is wax?)
(Alex: Be more specific.)

paraffin

Jaya
    $800 27
Sun Myung Moon

David
    $800 21
The Forsyte Saga

Jaya
    $800 17
Purina

Jaya
    $800 12
Tortola

David
    $1000 7
(Greg: What is hydrostasis?)

hydrostatics

Greg
Triple Stumper
    $1000 23
the 1930s

Greg
    $1000 28
Ron Popeil

Triple Stumper
    $1000 22
Cat on a Hot Tin Roof

David
    $1000 25
Johnson & Johnson

Jaya
    $1000 13
Osceola

David

Scores at the first commercial break (after clue 13):

David Greg Jaya
$1,600 $0 $1,400

Scores at the end of the Jeopardy! Round:

David Greg Jaya
$1,800 $1,600 $4,800

Double Jeopardy! Round responses

CALIFORNIA MISSIONS
GRAMMY-WINNING COMEDY ALBUMS
HARDBOILED SLANG
GRAVESIDE HUMOR
LETS TAKE A "D" TOUR
DANCING BAREFOOT
    $400 6
Alta

Jaya
    $400 16
Steve Martin

David
    $400 11
handcuffs

Greg
    $400 21
(Alex: [*] for Paul Simon, yes.)

a pallbearer

Greg
    $400 1
the Danube

Greg
    $400 26
ballet

Jaya
    $800 7
Capistrano

Jaya
    $800 17
Robin Williams

Greg
    $800 12
moll

Jaya
    $800 22
(Greg: Who was Scott?)

(W. Atlee) Burpee

DavidGreg
    $800 2
Dresden

Jaya
    $800 27
Isadora Duncan

Jaya
    $1200 8
the Camino Real

Jaya
    $1200 18
Bill Cosby

David
    $1200 13
fuzz

Jaya
    $4,000 23
(George Frideric) Handel

David
    $1200 3
Darwin

Greg
    $1200 28
Twyla Tharp

David
    $1600 9
San Jose

Jaya
    $1600 19
George Carlin

David
    $1600 14
grifters

David
    $1600 24
Dostoyevsky

David
    $3,200 4
the Dardanelles

Greg
    $1600 29
(Jaya: Who was Balanchine?)

Martha Graham

Jaya
Triple Stumper
    $2000 10
St. Francis of Assisi

Greg
    $2000 20
(Greg: Who is George Carlin?)

Bob Newhart

DavidGreg
    $2000 15
a paperhanger

Triple Stumper
    $2000 25
The Big Sleep

David
    $2000 5
Dakar

Jaya

Scores at the end of the Double Jeopardy! Round:

David Greg Jaya
$18,200 $7,200 $13,200

[wagering suggestions for these scores]

Final Jeopardy! Round responses

PRESIDENTIAL CAMPAIGN SLOGANS
(Alex: As it turned out, America was not ready for Teddy again.)
GregWhat is 1912?
$6,000
JayaWhat is 1916?
$5,500
DavidWhat is 1912?
$10,000
1912

Final scores:

David Greg Jaya
$28,200 $13,200 $7,700
2-day champion: $48,400 2nd place: $2,000 3rd place: $1,000

Game dynamics:

Coryat scores:

David Greg Jaya
$17,400 $5,600 $13,200
16 R
(including 1 DD),
2 W
(including 1 DD)
15 R
(including 1 DD),
5 W
17 R,
1 W

Combined Coryat: $36,200

The J! Archive is created by fans, for fans. The Jeopardy! game show and all elements thereof, including but not limited to copyright and trademark thereto, are the property of Jeopardy Productions, Inc. and are protected under law. This website is not affiliated with, sponsored by, or operated by Jeopardy Productions, Inc. Join the discussion at JBoard.tv.